Les pays contenant entre 10 % et 20 % de musulmans - Statistiques

Statistiques générales
  • Ce quiz a été pris 59 fois
  • Le résultat moyen est 4 sur 13
Statistiques - réponses
Hint Réponse % Correct
11,7 % Russie
75%
11,5 % Bulgarie
52%
18,5 % Monténégro
44%
10,5 % Géorgie
40%
12,2 % Togo
38%
18,0 % Chypre
33%
16,1 % Ghana
33%
12,0 % Ouganda
31%
15,0 % République centrafricaine
23%
14,9 % Singapour
23%
15,9 % Suriname
21%
16,6 % Île Maurice
17%
12,8 % Malawi
13%
Aucun quiz correspondant
Distribution des résultats
% des personnes avec chaque résultat
Percentile par nombre de réponses
Votre historique - résultats
Vous n’avez pas pris ce quiz